与伊朗接壤的国家 - Statistics

General Stats
  • This quiz has been taken 28 times
  • The average score is 6 of 7
Answer Stats
边界长度
(千米)
国家 % Correct
1,458 伊拉克
96%
936 阿富汗
92%
611 阿塞拜疆
92%
909 巴基斯坦
85%
35 亚美尼亚
85%
992 土库曼斯坦
77%
499 土耳其
77%
No matching quizzes found
Score Distribution
Percent of People with Each Score
Percentile by Number Answered
Your Score History
You have not taken this quiz